00732nam a2200241 a 45000010005000000030009000050080041000140400028000550820016000831000028000992450067001272500007001942600031002013000014002324900068002466500033003146500019003476500032003666500045003986500018004439420012004619990017004736711CO-ViMGA141112s2004 ck r 000 u spa d aCO-ViMGAbspacCO-ViMGA04a631.57 C8571 aBerlijn, Johan D.9519610aCultivos básicos : bbasado en el trabajo de johan D berlijn a2a aMexico : bTrillas, c1990 a72 p : il aManuales para educación agropecuaria. Producción vegetal, 814aCEREALES COMO ALIMENTO9519714aCOSECHAS9519814aCULTIVOS DE COBERTURA9519914aCULTIVOSDE TRANSICION - MORFOLOGIA9520014aSIEMBRA95201 2ddccBK c18680d18680